[Event "TCh-CHN 2019"]
[Site "China CHN"]
[Date "2019.08.22"]
[Round "14.3"]
[Board "4"]
[White "Guo, Qi"]
[Black "Li, Ruofan"]
[Result "1/2-1/2"]
[WhiteTitle "IM"]
[BlackTitle "IM"]
[WhiteElo "2406"]
[BlackElo "2335"]
[WhiteTeam "Jiangsu team"]
[BlackTeam "Hangzhou Bank Team"]
[WhiteFideId "8604002"]
[BlackFideId "8600643"]
[EventDate "2019.04.09"]

1. d4 Nf6 2. c4 e6 3. Nf3 Bb4+ 4. Nbd2 O-O 5. a3 Be7 6. e4 d6 7. Be2 Nfd7 8. O-O
e5 9. Nb1 exd4 10. Nxd4 Nc6 11. Be3 Nc5 12. Nc3 Bf6 13. Rb1 Re8 14. f3 Be5 15.
g3 Nxd4 16. Bxd4 Ne6 17. Bf2 Bxc3 18. bxc3 b6 19. Re1 Bb7 20. Bf1 Bc6 21. Bg2
Qg5 22. Qb3 Nc5 23. Qd1 Nd7 24. Bd4 Qa5 25. f4 Nf8 26. Qg4 Ne6 27. f5 Nxd4 28.
cxd4 Qc3 29. e5 Bxg2 30. f6 g6 31. Kxg2 dxe5 32. Qg5 e4 33. Rf1 Re6 34. d5 Rd6
35. Rbc1 Qd4 36. Rcd1 Qc3 37. Rc1 Qb2+ 38. Rf2 Qd4 39. Rcf1 e3 40. Qh6 Rxf6 41.
Rxf6 e2 42. Re1 Qxf6 43. Rxe2 Rd8 44. Qe3 a6 45. Qe7 Qxe7 46. Rxe7 Rc8 47. Rd7
a5 48. c5 bxc5 49. Re7 Rd8 50. Re4 Rxd5 51. Ra4 c4 52. Rxc4 Kf8 53. h4 Ke8 54.
Rxc7 Rd3 55. h5 Rxa3 56. Rc8+ Ke7 57. Rh8 Ra2+ 58. Kh3 Ra1 59. Kg2 Ra2+ 60. Kh3
gxh5 61. Rxh7 a4 62. Rxh5 Re2 63. Ra5 Re4 64. g4 Re3+ 65. Kh4 Ra3 66. Kg5 Ra1
67. Ra7+ Ke6 68. Ra6+ Ke7 69. Ra7+ Kf8 70. Kf6 Rf1+ 71. Kg5 Ra1 72. Kf6 Kg8 73.
Ra8+ Kh7 74. Kxf7 a3 75. Ra5 Rf1+ 76. Ke6 Rf3 77. Ke5 Kg6 78. Ke4 1/2-1/2

[Event "TCh-CHN 2019"]
[Site "China CHN"]
[Date "2019.08.22"]
[Round "14.3"]
[Board "5"]
[White "Shen, Yang"]
[Black "Gu, Tianlu"]
[Result "1-0"]
[WhiteTitle "IM"]
[BlackTitle "WIM"]
[WhiteElo "2402"]
[BlackElo "2261"]
[WhiteTeam "Jiangsu team"]
[BlackTeam "Hangzhou Bank Team"]
[WhiteFideId "8603162"]
[BlackFideId "8603995"]
[EventDate "2019.04.09"]

1. d4 Nf6 2. c4 e6 3. Nc3 d5 4. Bg5 Be7 5. Nf3 Nbd7 6. e3 h6 7. Bh4 O-O 8. Rc1
c5 9. dxc5 Nxc5 10. cxd5 g5 11. Bg3 Nxd5 12. Nxd5 Qxd5 13. Qxd5 exd5 14. Be5 Bf5
15. Nd4 Nd3+ 16. Bxd3 Bxd3 17. Kd2 f6 18. Bg3 Bg6 19. Rc7 Bb4+ 20. Ke2 Rf7 21.
Rhc1 Re8 22. a3 Bf8 23. Kd2 a6 24. Nb3 Rxc7 25. Rxc7 Re7 26. Na5 Rxc7 27. Bxc7
b5 28. Kc3 Be8 29. Bb6 Kf7 30. Nb7 Ke6 31. Bc5 Bg7 32. Kb4 Kd7 33. Bd4 Kc7 34.
Nc5 Bf8 35. Ka5 Bxc5 36. Bxc5 Kb7 37. Bf8 Bc6 38. f3 f5 39. Bxh6 g4 40. Kb4 Kb6
41. Kc3 Kc7 42. Kd4 Kd6 43. Bf8+ Ke6 44. Kc5 Ba8 45. Bg7 Bb7 46. Kb6 Bc8 47. Kc7
Bd7 48. Bc3 Be8 49. Kb6 Kd6 50. Bd4 gxf3 51. gxf3 Bh5 52. Kxa6 Kc6 53. f4 Be2
54. Ka5 Bd1 55. Kb4 Bc2 56. b3 Bd1 57. a4 bxa4 58. bxa4 Be2 59. a5 Bf1 60. h4
Be2 61. Be5 Bd1 62. Bf6 Be2 63. Bd4 Bd1 64. a6 1-0

[Event "TCh-CHN 2019"]
[Site "China CHN"]
[Date "2019.08.22"]
[Round "14.4"]
[Board "1"]
[White "Wang, Yue"]
[Black "Li, Di"]
[Result "1/2-1/2"]
[WhiteTitle "GM"]
[BlackTitle "GM"]
[WhiteElo "2674"]
[BlackElo "2543"]
[WhiteTeam "Zhihui Sports chess team of Tianjin"]
[BlackTeam "Chengdu Beilei Youth Chess Club"]
[WhiteFideId "8601429"]
[BlackFideId "8607508"]
[EventDate "2019.04.09"]

1. c4 c6 2. Nf3 d5 3. d4 a6 4. Qb3 dxc4 5. Qxc4 b5 6. Qc2 Bb7 7. e4 e6 8. a4 Nd7
9. Bd3 Ngf6 10. O-O c5 11. axb5 axb5 12. Rxa8 Qxa8 13. dxc5 Bxc5 14. Bxb5 O-O
15. Nc3 Rc8 16. Qe2 Nb6 17. e5 Ne4 18. Nxe4 Bxe4 19. Bd3 Bxd3 20. Qxd3 h6 21.
Bd2 Nd5 22. g3 Rb8 23. Bc3 Nxc3 24. bxc3 Rb2 25. Nd4 Qd5 26. Re1 g6 27. h4 Bb6
28. Qe4 Bxd4 29. Qxd4 Qxd4 30. cxd4 Rd2 31. Re4 Kg7 32. Kf1 g5 33. h5 Rd1+ 34.
Ke2 Rh1 35. g4 Rg1 36. f3 Rg2+ 37. Ke1 Ra2 38. Re3 Rb2 39. Rd3 Ra2 40. Rd2 Ra3
41. Ke2 Ra4 42. Ke3 Ra3+ 43. Rd3 Ra1 44. Rc3 Re1+ 45. Kd2 Rf1 46. Ke2 Ra1 47.
Rc7 Kg8 48. Rc3 Kg7 49. Kd3 Kg8 50. Kc4 Rd1 51. Ra3 Rc1+ 52. Kd3 Kg7 53. Kd2 Rf1
54. Ke2 Rb1 55. Rd3 Ra1 56. d5 exd5 57. Rxd5 Ra3 58. Kf2 Rb3 59. Rd7 Kg8 60. Rd6
Kg7 61. e6 fxe6 62. Rxe6 Ra3 63. Rg6+ Kh7 64. Rd6 Kg7 65. Rd7+ Kg8 66. Ke2 Rb3
67. Rd3 Rb7 68. Rd6 Kg7 69. Ke3 Re7+ 70. Kd4 Rf7 71. Ke4 Re7+ 72. Kd5 Rf7 73.
Ke4 1/2-1/2

[Event "TCh-CHN 2019"]
[Site "China CHN"]
[Date "2019.08.22"]
[Round "14.4"]
[Board "3"]
[White "Malakhov, Vladimir"]
[Black "Xu, Xiangyu"]
[Result "1/2-1/2"]
[WhiteTitle "GM"]
[BlackTitle "GM"]
[WhiteElo "2668"]
[BlackElo "2582"]
[WhiteTeam "Zhihui Sports chess team of Tianjin"]
[BlackTeam "Chengdu Beilei Youth Chess Club"]
[WhiteFideId "4120787"]
[BlackFideId "8608288"]
[EventDate "2019.04.09"]

1. Nf3 d5 2. e3 Nf6 3. c4 c5 4. cxd5 Nxd5 5. Nc3 e6 6. d4 cxd4 7. exd4 Nxc3 8.
bxc3 Qc7 9. Bd2 Bd6 10. Bd3 Nd7 11. O-O b6 12. Re1 Bb7 13. c4 O-O 14. h3 Rfd8
15. a4 Bf4 16. Be3 Nf6 17. a5 bxa5 18. Qe2 Rac8 19. Bxf4 Qxf4 20. Qe3 Nh5 21.
Be2 g6 22. Rxa5 Bxf3 23. Bxf3 Rxd4 24. Bxh5 gxh5 25. Qxf4 Rxf4 26. c5 Rf5 27.
Rc1 Rc7 28. h4 Kf8 29. g3 Ke7 30. Kg2 Kf6 31. Rca1 Rfxc5 1/2-1/2

[Event "TCh-CHN 2019"]
[Site "China CHN"]
[Date "2019.08.22"]
[Round "14.4"]
[Board "4"]
[White "Koneru, Humpy"]
[Black "Xiao, Yiyi"]
[Result "1-0"]
[WhiteTitle "GM"]
[BlackTitle "WFM"]
[WhiteElo "2574"]
[BlackElo "2306"]
[WhiteTeam "Chengdu Beilei Youth Chess Club"]
[BlackTeam "Zhihui Sports chess team of Tianjin"]
[WhiteFideId "5008123"]
[BlackFideId "8606161"]
[EventDate "2019.04.09"]

1. d4 d5 2. c4 dxc4 3. Nf3 Nf6 4. e3 e6 5. Bxc4 a6 6. O-O b5 7. Bd3 Bb7 8. Qe2
Nbd7 9. a4 b4 10. e4 Be7 11. Nbd2 c5 12. e5 Nd5 13. Nb3 cxd4 14. Bd2 a5 15.
Nfxd4 O-O 16. Qe4 g6 17. Bh6 Re8 18. Bb5 Qb6 19. Bxd7 Nf6 20. Qxb7 Qxb7 21. Bc6
Qb6 22. exf6 Bxf6 23. Rad1 g5 24. Rfe1 Kh8 25. h3 Qc7 26. Rd3 Red8 27. Bxa8 Rxa8
28. Rf3 Bxd4 29. Nxd4 Rg8 30. h4 Qc4 31. Nb5 gxh4 32. Bf4 f6 33. Nd6 Qd5 34.
Nf7+ Kg7 35. Nh6 Rf8 36. Ng4 Kg6 37. Bh6 Rf7 38. Bc1 h5 39. Nh2 e5 40. Rfe3 Rc7
41. Nf3 Rc4 42. b3 Rc3 43. Nxh4+ Kf7 44. Nf5 Rxb3 45. R3e2 Rb1 46. Ne3 Qc6 47.
Rc2 Qxa4 48. Rc7+ Ke6 49. f4 exf4 50. Nc4+ Kf5 51. Nd6+ Kg6 52. Kh2 Qb3 53. Ree7
Qg3+ 54. Kg1 Rxc1+ 55. Rxc1 f3 56. Rg7+ 1-0

[Event "TCh-CHN 2019"]
[Site "China CHN"]
[Date "2019.08.22"]
[Round "14.4"]
[Board "5"]
[White "Li, Yunshan"]
[Black "Khotenashvili, Bela"]
[Result "1/2-1/2"]
[WhiteTitle "WFM"]
[BlackTitle "GM"]
[WhiteElo "2287"]
[BlackElo "2446"]
[WhiteTeam "Chengdu Beilei Youth Chess Club"]
[BlackTeam "Zhihui Sports chess team of Tianjin"]
[WhiteFideId "8607664"]
[BlackFideId "13602640"]
[EventDate "2019.04.09"]

1. d4 Nf6 2. c4 g6 3. Nc3 d5 4. cxd5 Nxd5 5. g3 Bg7 6. Bg2 Nb6 7. Nf3 Nc6 8. O-O
O-O 9. d5 Na5 10. Qc2 c6 11. dxc6 Nxc6 12. Rd1 Bd7 13. Be3 Nc4 14. Bc5 Qa5 15.
b4 Nxb4 16. Bxb4 Qxb4 17. Rxd7 Na3 18. Qb3 Bxc3 19. Rc1 Qxb3 20. axb3 Bf6 21.
Rxb7 Rfb8 22. Nd2 Rxb7 23. Bxb7 Rb8 24. Rc8+ Rxc8 25. Bxc8 Kf8 26. Ba6 Nc2 27.
Kg2 Bc3 28. Ne4 Bb4 29. Bc4 h6 30. g4 Nd4 31. e3 Nc6 32. Bd3 e6 33. f4 f5 34.
gxf5 gxf5 35. Ng3 Ke7 36. Ne2 Bc5 37. Kf3 Nb4 38. Bb1 Nd5 39. e4 Ne3 40. Ng3
fxe4+ 41. Bxe4 Bb6 42. Bb1 Nd5 43. Ke4 1/2-1/2

[Event "TCh-CHN 2019"]
[Site "China CHN"]
[Date "2019.08.22"]
[Round "14.5"]
[Board "3"]
[White "Xu, Yi"]
[Black "Anton Guijarro, David"]
[Result "1/2-1/2"]
[WhiteTitle "GM"]
[BlackTitle "GM"]
[WhiteElo "2542"]
[BlackElo "2685"]
[WhiteTeam "China Mobil Shanghai Chess Club"]
[BlackTeam "Zhejiang team"]
[WhiteFideId "8605564"]
[BlackFideId "2285525"]
[EventDate "2019.04.09"]

1. e4 c5 2. Nf3 Nc6 3. Bb5 g6 4. Bxc6 dxc6 5. d3 Bg7 6. h3 Nf6 7. Nc3 Nd7 8. Be3
e5 9. Qd2 h6 10. O-O b6 11. Nh2 Nf8 12. f4 exf4 13. Bxf4 Ne6 14. Be3 c4 15. Qf2
O-O 16. dxc4 h5 17. Nf3 Ba6 18. e5 Bxc4 19. Rfe1 Qe7 20. b3 Ba6 21. Ne4 Bb7 22.
Nd6 c5 23. Nxb7 Qxb7 24. Rad1 Rad8 25. Qh4 Rfe8 26. a4 Qc6 27. Qc4 Rd7 28. Qb5
Qxb5 29. axb5 Red8 30. Rxd7 Rxd7 31. Kf2 Kf8 32. Ke2 Ke7 33. c4 1/2-1/2

[Event "TCh-CHN 2019"]
[Site "China CHN"]
[Date "2019.08.22"]
[Round "14.5"]
[Board "4"]
[White "Zhu, Jiner"]
[Black "Ju, Wenjun"]
[Result "1/2-1/2"]
[WhiteTitle "WIM"]
[BlackTitle "GM"]
[WhiteElo "2461"]
[BlackElo "2580"]
[WhiteTeam "Zhejiang team"]
[BlackTeam "China Mobil Shanghai Chess Club"]
[WhiteFideId "8608059"]
[BlackFideId "8603006"]
[EventDate "2019.04.09"]

1. e4 e5 2. Nf3 Nf6 3. Nxe5 d6 4. Nf3 Nxe4 5. Nc3 Nxc3 6. dxc3 Be7 7. Be3 Nc6 8.
Qd2 Be6 9. O-O-O Qd7 10. h3 h6 11. Kb1 O-O-O 12. g4 Kb8 13. Bg2 Bf6 14. Nd4 Nxd4
15. cxd4 d5 16. Rde1 Be7 17. Bf4 Rhe8 18. Re2 Bd6 19. Rhe1 Bxf4 20. Qxf4 f6 21.
Qf3 Bf7 22. a3 Rxe2 23. Rxe2 Re8 24. Re3 a6 25. b3 c6 26. Kb2 Bg6 27. a4 Ka7 28.
Qe2 Rxe3 29. Qxe3 Qc7 30. f4 Kb8 31. f5 Bf7 32. Bf1 Qd6 33. Bd3 Kc8 34. Qe1 Kb8
35. Qe3 a5 36. h4 Kc8 37. Ka2 b6 38. g5 hxg5 39. hxg5 fxg5 40. Qxg5 Qf6 41. Ba6+
Kd7 42. Qf4 Qd6 43. Qg4 Qf6 44. Qf4 Qd6 45. Qe5 Qxe5 46. dxe5 Bh5 47. Bd3 Ke7
48. Kb2 Kf7 49. c4 d4 50. Kc1 c5 51. Be4 Ke7 52. Kd2 Bg4 53. Ke1 Kf7 54. Kd2 Bh5
55. Ke1 Ke7 56. Kd2 Kf7 57. Ke1 1/2-1/2

[Event "TCh-CHN 2019"]
[Site "China CHN"]
[Date "2019.08.22"]
[Round "14.5"]
[Board "5"]
[White "Ding, Yixin"]
[Black "Ni, Shiqun"]
[Result "1/2-1/2"]
[WhiteTitle "WGM"]
[BlackTitle "WGM"]
[WhiteElo "2439"]
[BlackElo "2389"]
[WhiteTeam "Zhejiang team"]
[BlackTeam "China Mobil Shanghai Chess Club"]
[WhiteFideId "8602972"]
[BlackFideId "8608466"]
[EventDate "2019.04.09"]

1. d4 Nf6 2. Bf4 d5 3. e3 c5 4. dxc5 Nc6 5. Bb5 e6 6. b4 a5 7. c3 Bd7 8. Qb3 Ne4
9. Ne2 g5 10. Bxc6 bxc6 11. Be5 f6 12. Bd4 g4 13. f3 gxf3 14. gxf3 Ng5 15. f4
Ne4 16. Nd2 Qe7 17. c4 Nxd2 18. Kxd2 dxc4 19. Qxc4 e5 20. fxe5 fxe5 21. Bc3 Be6
22. Qe4 Bd5 23. Qxe5 Qxe5 24. Bxe5 Rg8 25. Rhb1 axb4 26. Rxb4 Bxc5 27. Rb8+ Rxb8
28. Bxb8 Ke7 29. Be5 Bc4 30. Nf4 Rg5 31. Bd4 Bb4+ 32. Kc2 Bd6 33. a4 c5 34. Bb2
Ba6 35. Ba3 Bxf4 36. exf4 Rg2+ 37. Kc3 Kd6 38. Rd1+ Kc6 39. Re1 Be2 40. h4 Rf2
41. Bc1 Rf3+ 42. Kc2 Bc4 43. a5 Rh3 44. Re5 Rxh4 45. Be3 Rh2+ 46. Kc3 Bd5 47.
Re8 Kd7 48. Re5 Kc6 49. Re8 1/2-1/2

[Event "TCh-CHN 2019"]
[Site "China CHN"]
[Date "2019.08.22"]
[Round "14.6"]
[Board "1"]
[White "Xiang, Zeyu"]
[Black "Li, Chao b"]
[Result "1/2-1/2"]
[WhiteTitle "IM"]
[BlackTitle "GM"]
[WhiteElo "2446"]
[BlackElo "2690"]
[WhiteTeam "Hangzhou Hongda team"]
[BlackTeam "Beijing team"]
[WhiteFideId "8608547"]
[BlackFideId "8604436"]
[EventDate "2019.04.09"]

1. d4 Nf6 2. c4 c5 3. d5 e6 4. Nc3 exd5 5. cxd5 d6 6. Nf3 g6 7. Bf4 Bg7 8. Qa4+
Bd7 9. Qb3 O-O 10. Bxd6 Ba4 11. Qxa4 Qxd6 12. e3 Nbd7 13. Qb3 a6 14. a4 Qb6 15.
Bc4 Qxb3 16. Bxb3 b5 17. axb5 axb5 18. Rxa8 Rxa8 19. Nxb5 c4 20. Bd1 Nxd5 21.
Nfd4 Bxd4 22. exd4 Ra2 23. Nc3 Nxc3 24. bxc3 Nf6 25. O-O Ra3 26. Bf3 Rxc3 27.
Ra1 Kg7 28. Kf1 Rd3 29. Rd1 Rxd1+ 30. Bxd1 Nd5 31. Ke2 Nf4+ 1/2-1/2

[Event "TCh-CHN 2019"]
[Site "China CHN"]
[Date "2019.08.22"]
[Round "14.6"]
[Board "2"]
[White "Lin, Yi"]
[Black "Esipenko, Andrey"]
[Result "0-1"]
[WhiteTitle "IM"]
[BlackTitle "GM"]
[WhiteElo "2415"]
[BlackElo "2642"]
[WhiteTeam "Hangzhou Hongda team"]
[BlackTeam "Beijing team"]
[WhiteFideId "8609659"]
[BlackFideId "24175439"]
[EventDate "2019.04.09"]

1. d4 Nf6 2. c4 e6 3. Nf3 d5 4. g3 Bb4+ 5. Bd2 Be7 6. Bg2 O-O 7. O-O Nbd7 8. Qc2
c6 9. Rd1 b6 10. b3 Bb7 11. Nc3 Rc8 12. e4 dxe4 13. Nxe4 c5 14. Nxf6+ Bxf6 15.
Ng5 Bxg5 16. Bxb7 Rc7 17. Be4 f5 18. Bg2 cxd4 19. Bxg5 Qxg5 20. Rxd4 e5 21. Rd5
Qe7 22. Re1 g6 23. Qc3 Re8 24. f4 e4 25. g4 Qf7 26. Rd6 Re6 27. Qd4 Nf8 28. Rd8
Qf6 29. Qxf6 Rxf6 30. g5 Rff7 31. Kf2 h6 32. h4 hxg5 33. hxg5 Rh7 34. Kg3 Rhd7
35. Rd1 Rxd8 36. Rxd8 Kf7 37. Bf1 Ne6 38. Rd2 Ke7 39. Rh2 Nf8 40. Rd2 Rc8 41. b4
Ne6 42. Rh2 Nf8 43. Rd2 Rb8 44. c5 bxc5 45. b5 c4 46. Bxc4 Rc8 47. Rd4 Nd7 48.
Kf2 Nb6 49. Be2 Rc2 50. a4 Ra2 51. Ke3 Nxa4 52. Rc4 Nb6 53. Rc7+ Kd8 54. Rc5 Kd7
55. Bc4 Ra3+ 56. Kd4 Ra4 0-1

[Event "TCh-CHN 2019"]
[Site "China CHN"]
[Date "2019.08.22"]
[Round "14.6"]
[Board "3"]
[White "Zou, Chen"]
[Black "Wang, Yiye"]
[Result "1/2-1/2"]
[WhiteTitle "FM"]
[BlackTitle "IM"]
[WhiteElo "2459"]
[BlackElo "2444"]
[WhiteTeam "Hangzhou Hongda team"]
[BlackTeam "Beijing team"]
[WhiteFideId "8610959"]
[BlackFideId "8606021"]
[EventDate "2019.04.09"]

1. Nf3 Nf6 2. g3 b6 3. Bg2 Bb7 4. O-O g6 5. c4 Bg7 6. d4 e6 7. Nc3 Ne4 8. Nxe4
Bxe4 9. Be3 O-O 10. Qd2 d6 11. Rac1 Nd7 12. Rfd1 Qe7 13. Bh6 Rfe8 14. Bxg7 Kxg7
15. Qc3 Nf6 16. Bh3 Bb7 17. Nd2 e5 18. d5 e4 19. Nf1 Qe5 20. Qxe5 Rxe5 21. Ne3
a5 22. b3 Ne8 23. Bd7 f5 24. Nc2 Nf6 25. Bb5 Kf7 26. Nd4 Re7 27. a3 Nd7 28. b4
Ne5 29. Nb3 axb4 30. axb4 Ra3 31. Nd4 Ba6 32. c5 bxc5 33. bxc5 Kf6 34. h3 Ra5
35. Bxa6 Rxa6 36. Kf1 dxc5 37. Rxc5 Rd7 38. Rb1 Rad6 39. Rbb5 Rb6 40. Kg2 Rbd6
41. Kf1 h6 42. Kg2 Kf7 43. Ra5 Kf6 44. Nc2 Rb6 45. Ra7 Rbd6 46. Nb4 Rb6 47. Ra4
Ke7 48. Rca5 Kd6 49. Nc2 Rd8 50. g4 fxg4 51. Rxe4 gxh3+ 52. Kxh3 g5 53. Nd4 Rf8
54. f3 Ng6 55. e3 Kd7 56. Kg4 Ne7 57. Ne6 Rf7 58. Rc5 c6 59. dxc6+ Rxc6 60. Ra5
Nc8 61. Nd4 Rc1 62. Re6 Rg1+ 63. Kh5 g4 64. fxg4 Ne7 65. Kxh6 Rxg4 66. Ra7+ Ke8
67. Ra8+ Kd7 68. Ra7+ Ke8 69. Nc6 Rf6+ 70. Rxf6 Ng8+ 71. Kh5 Nxf6+ 72. Kh6 Ng8+ 1/2-1/2

[Event "TCh-CHN 2019"]
[Site "China CHN"]
[Date "2019.08.22"]
[Round "14.6"]
[Board "4"]
[White "Song, Yuxin"]
[Black "Zhou, Zirun"]
[Result "1-0"]
[WhiteTitle "WIM"]
[WhiteElo "2299"]
[BlackElo "2124"]
[WhiteTeam "Beijing team"]
[BlackTeam "Hangzhou Hongda team"]
[WhiteFideId "8614300"]
[BlackFideId "8610975"]
[EventDate "2019.04.09"]

1. e4 e5 2. Nf3 Nc6 3. Bb5 a6 4. Ba4 Nf6 5. O-O b5 6. Bb3 Bc5 7. a4 Rb8 8. c3 d6
9. d4 Bb6 10. axb5 axb5 11. Qd3 Bd7 12. dxe5 dxe5 13. Bg5 O-O 14. Na3 b4 15.
cxb4 Nxb4 16. Qc3 h6 17. Bxf6 gxf6 18. Rad1 Kh7 19. Nc4 Bc5 20. Ncxe5 fxe5 21.
Qxc5 Qc8 22. Qe7 Nc6 23. Qxd7 Qxd7 24. Rxd7 Rxb3 25. Rxc7 Nd8 26. Nxe5 Rxb2 27.
Nd7 Rh8 28. Nc5 Rc2 29. Ne6 Rxc7 30. Nxc7 Ne6 31. Nxe6 fxe6 32. Rd1 Ra8 33. f3
Kg6 34. Kf2 Ra2+ 35. Kg3 Kf6 36. Rd7 Rb2 37. h4 Ra2 38. e5+ Kf5 39. Rf7+ Kxe5
40. Rh7 Kf5 41. Rxh6 e5 42. Rh5+ Kf6 43. Rg5 Ra3 44. Rg4 1-0

[Event "TCh-CHN 2019"]
[Site "China CHN"]
[Date "2019.08.22"]
[Round "14.6"]
[Board "5"]
[White "Vo, Thi Kim Phung"]
[Black "Zhao, Shengxin"]
[Result "1/2-1/2"]
[WhiteTitle "WGM"]
[BlackTitle "WFM"]
[WhiteElo "2344"]
[BlackElo "2093"]
[WhiteTeam "Beijing team"]
[BlackTeam "Hangzhou Hongda team"]
[WhiteFideId "12401838"]
[BlackFideId "8608040"]
[EventDate "2019.04.09"]

1. d4 Nf6 2. c4 e6 3. Nc3 Bb4 4. Qc2 d5 5. cxd5 exd5 6. Nf3 c5 7. Bg5 cxd4 8.
Nxd4 Nc6 9. Nxc6 bxc6 10. a3 Be7 11. e3 O-O 12. Be2 Qa5 13. O-O d4 14. Bxf6 Bxf6
15. Ne4 Be5 16. f4 Bc7 17. exd4 Rd8 18. Ng5 Bf5 19. Bd3 Bxd3 20. Qxd3 g6 21. Qh3
h5 22. f5 Qd5 23. Kh1 Rab8 24. b4 a5 25. bxa5 Rb3 26. Nf3 Qxf5 27. Qxf5 gxf5 28.
Rac1 Bxa5 29. Rxc6 Bc3 30. Rc5 Rxa3 31. Rxf5 Bxd4 32. Ng5 f6 33. Ne6 Rd6 34.
Nxd4 Rxd4 35. Rxf6 h4 36. h3 Kg7 37. Rb6 Rad3 38. Rff6 Rc3 39. Rg6+ Kh7 40. Kh2
Rcc4 41. Rge6 Rf4 42. Rb7+ Kg8 43. Rg6+ Kh8 44. Rg5 Rcd4 45. Ra5 Kg8 46. Ra8+
Rf8 47. Raa7 Rff4 48. Rg7+ Kf8 49. Rh7 Kg8 50. Rag7+ Kf8 51. Rg5 Rc4 52. Rhg7
Rf1 53. Rg8+ Kf7 54. R5g7+ Kf6 55. Rg4 Rff4 56. Rf8+ Ke5 57. Rg5+ Ke6 58. Rfg8
Kf7 59. R8g7+ Kf6 60. Rg8 Rcd4 61. R5g6+ Kf5 62. Rh6 Rc4 63. Rh5+ Kf6 64. Ra8
Kg6 65. Rb5 Rcd4 66. Ra6+ Rf6 67. Raa5 Rff4 68. Rg5+ Kf6 69. Rg8 Kf7 70. Raa8
Kf6 71. Ra6+ Kf5 72. Rb8 Kg5 73. Ra5+ Kg6 74. Rb7 Rc4 75. Raa7 Rcd4 76. Rg7+ Kf6
77. Rg8 Ke6 78. Ra6+ Kf5 79. Rb8 Rb4 80. Ra5+ Kg6 81. Rg8+ Kf7 82. Rag5 Kf6 83.
R8g6+ Kf7 84. Rh6 Rbd4 85. Rb5 Kg7 86. Rc6 Rde4 87. Rb7+ Rf7 88. Rxf7+ Kxf7 89.
Kg1 Rf4 90. Rb6 Kg7 91. Re6 Kf7 92. Re3 Kg6 93. Rd3 Kg5 94. Rd8 Kg6 95. Rg8+ Kh5
96. Rg7 Kh6 97. Rd7 Kg6 98. Rd3 Kg5 99. Rc3 Kg6 100. Rf3 Rb4 101. Rf8 Kg7 102.
Rf2 Kg6 103. Kf1 Kg5 104. Re2 Kf5 105. Re8 Rf4+ 106. Kg1 Kg5 107. Re3 Kg6 108.
Rf3 Rb4 109. Rf1 Kg5 110. Rf8 Rf4 111. Rg8+ Kh5 112. Rb8 Kg5 113. Rb3 Kg6 114.
Rf3 1/2-1/2

[Event "TCh-CHN 2019"]
[Site "China CHN"]
[Date "2019.08.23"]
[Round "15.1"]
[Board "1"]
[White "Lin, Yi"]
[Black "Liu, Qingnan"]
[Result "1/2-1/2"]
[WhiteTitle "IM"]
[BlackTitle "GM"]
[WhiteElo "2415"]
[BlackElo "2533"]
[WhiteTeam "Hangzhou Hongda team"]
[BlackTeam "Shandong Jingzhi team"]
[WhiteFideId "8609659"]
[BlackFideId "8603294"]
[EventDate "2019.04.09"]

1. d4 d5 2. c4 c6 3. cxd5 cxd5 4. Bf4 Nc6 5. e3 Nf6 6. Nc3 Bf5 7. Nf3 e6 8. Bd3
Bxd3 9. Qxd3 Bd6 10. Bxd6 Qxd6 11. O-O O-O 12. Rfc1 Rfc8 13. Ne2 Rc7 14. a3 Rac8
15. h3 Na5 16. Nd2 Nc4 17. Nxc4 dxc4 18. Qc2 b5 19. Nc3 a6 20. Ne4 Nxe4 21. Qxe4
f5 22. Qc2 a5 23. Qd2 Qb6 24. Rc2 b4 25. axb4 axb4 26. Rac1 Qa5 27. Qe2 c3 28.
bxc3 b3 29. Rb2 Rxc3 30. Rcb1 Rc1+ 31. Rxc1 Rxc1+ 32. Kh2 Rc3 33. e4 Qc7+ 34. e5
Qc6 35. d5 exd5 36. e6 Qd6+ 37. g3 Kf8 38. Qh5 Qxe6 39. Re2 Qg6 40. Qh4 Rc8 41.
Qe7+ Kg8 42. Qd7 Rb8 43. Qxd5+ Qf7 44. Qd6 Qf8 45. Qd5+ Kh8 46. Rb2 Qb4 47. Qxf5
Qc3 48. Qf4 Rd8 49. Qg5 Qd4 50. Qc1 h6 51. h4 Rf8 52. Rxb3 Rxf2+ 53. Kh3 Qd7+
54. g4 Qd6 55. Qg1 Rd2 56. Re3 h5 57. Re8+ Kh7 58. Qb1+ Qd3+ 59. Qxd3+ Rxd3+ 1/2-1/2

[Event "TCh-CHN 2019"]
[Site "China CHN"]
[Date "2019.08.23"]
[Round "15.1"]
[Board "2"]
[White "Zou, Chen"]
[Black "Wen, Yang"]
[Result "1/2-1/2"]
[WhiteTitle "FM"]
[BlackTitle "GM"]
[WhiteElo "2459"]
[BlackElo "2586"]
[WhiteTeam "Hangzhou Hongda team"]
[BlackTeam "Shandong Jingzhi team"]
[WhiteFideId "8610959"]
[BlackFideId "8602956"]
[EventDate "2019.04.09"]

1. d4 d5 2. c4 c6 3. Nf3 Nf6 4. e3 g6 5. Nc3 Bg7 6. Be2 O-O 7. O-O b6 8. Bd2 Bb7
9. Qb3 e6 10. Rfd1 Nbd7 11. Rac1 Qb8 12. Qa3 Rc8 13. b4 dxc4 14. Bxc4 c5 15.
bxc5 bxc5 16. Be2 Bf8 17. Qa4 Nb6 18. Qb3 Nfd7 19. a4 cxd4 20. Nxd4 Nc5 21. Qa2
Nd5 22. Rb1 Qc7 23. Rdc1 Qd7 24. a5 Nxc3 25. Rxc3 Bd5 26. Qb2 Na4 27. Bb5 Nxb2
28. Bxd7 Rcb8 29. Bc1 Nc4 30. Rxb8 Rxb8 31. e4 Bb4 32. Rc2 Na3 33. Bxa3 Bxa3 34.
f3 Bb3 35. Nxb3 Rxb3 36. Kf2 Rb2 37. Rxb2 Bxb2 1/2-1/2

[Event "TCh-CHN 2019"]
[Site "China CHN"]
[Date "2019.08.23"]
[Round "15.1"]
[Board "3"]
[White "Xiang, Zeyu"]
[Black "Zhao, Jun"]
[Result "0-1"]
[WhiteTitle "IM"]
[BlackTitle "GM"]
[WhiteElo "2446"]
[BlackElo "2639"]
[WhiteTeam "Hangzhou Hongda team"]
[BlackTeam "Shandong Jingzhi team"]
[WhiteFideId "8608547"]
[BlackFideId "8602522"]
[EventDate "2019.04.09"]

1. d4 Nf6 2. c4 e6 3. Nc3 d5 4. cxd5 exd5 5. Bg5 c6 6. e3 Be7 7. Bd3 Nbd7 8. Nf3
O-O 9. Qc2 Re8 10. O-O-O Nf8 11. h3 a5 12. Kb1 Ne4 13. Bxe7 Nxc3+ 14. Qxc3 Qxe7
15. Rc1 Be6 16. Qc5 Qf6 17. Rhd1 Bxh3 18. Ne1 Bf5 19. Qb6 Reb8 20. Rc3 Bxd3+ 21.
Nxd3 Qd6 22. Qc5 Qxc5 23. Nxc5 Ne6 24. Rb3 Ra7 25. Rb6 Nxc5 26. dxc5 Re8 27. Rd4
Re4 28. a4 Kf8 29. Kc2 Ke7 30. Kd3 f5 31. f3 Rxd4+ 32. Kxd4 Kf6 33. Rb3 g5 34.
g4 h6 35. Rb6 Kg6 36. Rb3 Kf6 37. Rb6 Kg6 38. Rb3 fxg4 39. fxg4 h5 40. gxh5+
Kxh5 41. e4 dxe4 42. Kxe4 Kh4 43. Kf3 g4+ 44. Kg2 Kg5 45. Kg3 Kf5 46. Re3 Ra8
47. Re7 Rb8 48. Rd7 b6 49. cxb6 Rxb6 50. Rd3 Ke4 51. Rc3 Kd5 52. b3 Rb4 53. Rd3+
Rd4 54. Rc3 Re4 55. Kh4 Rf4 56. Re3 Kc5 57. Re8 Kb4 58. Rb8+ Ka3 59. Ra8 Kxb3
60. Rxa5 Rxa4 61. Rc5 Rc4 62. Re5 c5 0-1

[Event "TCh-CHN 2019"]
[Site "China CHN"]
[Date "2019.08.23"]
[Round "15.1"]
[Board "4"]
[White "Stefanova, Antoaneta"]
[Black "Zhao, Shengxin"]
[Result "1-0"]
[WhiteTitle "GM"]
[BlackTitle "WFM"]
[WhiteElo "2476"]
[BlackElo "2093"]
[WhiteTeam "Shandong Jingzhi team"]
[BlackTeam "Hangzhou Hongda team"]
[WhiteFideId "2902257"]
[BlackFideId "8608040"]
[EventDate "2019.04.09"]

1. Nf3 d5 2. e3 Nf6 3. c4 e6 4. b3 Bd6 5. Bb2 O-O 6. Nc3 b6 7. d4 a6 8. Bd3 Bb7
9. O-O Nbd7 10. a4 Ne4 11. Qc2 Nxc3 12. Bxc3 dxc4 13. Bxh7+ Kh8 14. Be4 cxb3 15.
Qb1 Bxe4 16. Qxe4 Qf6 17. Qc6 Qe7 18. Rab1 Nf6 19. Rxb3 Qd7 20. Qc4 Ne4 21. Bb2
Rfb8 22. Ra1 f5 23. g3 c6 24. Qe2 Qf7 25. Ne1 c5 26. dxc5 bxc5 27. Rxb8+ Rxb8
28. f3 Nf6 29. Rd1 Rb6 30. a5 Rc6 31. Qc4 Nd5 32. Nc2 Qb7 33. e4 Qxb2 34. exd5
exd5 35. Rxd5 Qc1+ 36. Kg2 Bc7 37. Rxf5 Qd2+ 38. Kg1 Qc1+ 39. Kf2 Qd2+ 40. Kf1
Qc1+ 41. Ke2 Bxa5 42. Rf8+ Kh7 43. Qd3+ Rg6 44. Rf4 Bd8 45. Rg4 Qh6 46. h4 Be7
47. Qf5 1-0